03001nab a2200289uuc45000010008000000030004000080050017000120080041000290350012000700400013000820410008000951000055001032450109001585201882002676500036021496500022021856500036022076500053022437000042022967000060023387000057023987000045024557000047025007730130025479420015026779990019026921495049OSt20240202130941.0180522e20180105 spa  a1495049 ccomduadb aspa10aOcampo Chaparro, José Mauricio4auteaut954878310aColesterol total y discapacidad en ancianos hospitalizados: más allá de la enfermedad cardiovascular3 aObjetivo: determinar si los niveles de colesterol total predicen recuperación en actividades básicas de la vida diaria. Métodos: estudio de cohorte prospectiva que incluyó 806 pacientes = 60 años, hospitalizados en la unidad geriátrica de agudos entre julio de 2013 y agosto de 2015. El desenlace fue desarrollo de discapacidad evaluada mediante el índice de Barthel = 60 en cuatro momentos: 15 días antes del ingreso, al ingreso, al egreso y 30 días después. El colesterol total fue dividido en cuartiles. Se incluyeron variables demográficas, sociales y clínicas. Se usaron los modelos de regresión logística multivariada para predecir discapacidad y mortalidad, junto con el procedimiento Glimmix para análisis longitudinales y para la predicción del índice de Barthel total. Resultados: la edad fue 82,3±7,2. El 52% eran mujeres. En el análisis multivariado la discapacidad estuvo asociada con edad = 85 años, alta comorbilidad, deterioro social, hipoalbuminemia, MMSE<19 y delirium. Los cuartiles más altos de colesterol total (Q2, Q3, Q4) tuvieron menor riesgo para discapacidad que el cuartil más bajo (Q1). El análisis longitudinal mostró disminución del índice de Barthel en pacientes con estancia hospitalaria>15 días, hipoalbuminemia, MMSE<19 y delirium. Los cuartiles más altos de colesterol total alcanzan mayor índice de Barthel a través del tiempo en comparación con el Q1. La mortalidad estuvo asociada con alta comorbilidad, índice de Barthel = 60 al ingreso y MMSE<19. Los niveles de colesterol total no se asociaron con mortalidad. Conclusiones: el colesterol total en los cuartiles más altos estuvo asociado con mejoría en la recuperación de las actividades básicas de la vida diaria desde 15 días antes del ingreso hospitalario hasta 30 días después de alta, comparado con el Q1. aAncianos hospitalizados9211706 aColesterol935053 aAncianos discapacitados9203042 aEnfermedades cardiovasculares en la vejez95362010aReyes Ortiz, Carlos4auteaut938292910aEscandón González, Rafael Eduardo4auteaut977214810aCasanova Valderrama, Maria Eugenia4auteaut976526710aBadiel Ocampo, Marisol4auteaut976524510aUrrea Zapata, Juan Karlo4auteaut95747150 tRevista Colombiana de Cardiología (Bogotá)gVolumen 25, Número 01, Enero-Febrero 2018, 33-42w442614x0120-56330115637 cARIMP2ddc c774846d774846